Premier League Record Appearances - Statistics

General Stats
  • This quiz has been taken 30 times
  • The average score is 5 of 10
Answer Stats
# Years Debut Team Answer % Correct
653 1997-2018 Aston Villa Gareth Barry
88%
632 1992-2014 Manchester United Ryan Giggs
88%
508 1997-2013 Liverpool Jamie Carragher
68%
553* 2002-Present Leeds United James Milner
52%
505 1994-2013 Manchester United Phil Neville
48%
609 1995-2015 West Ham United Frank Lampard
44%
572 1992-2010 Liverpool David James
32%
535 1993-2008 Leeds United Gary Speed
24%
516 1994-2012 Leicester City Emile Heskey
20%
514 1997-2015 Middlesbrough Mark Schwarzer
20%
No matching quizzes found
Score Distribution
Percent of People with Each Score
Percentile by Number Answered
Your Score History
You have not taken this quiz